|
|
|
|
| LEADER |
00000nab a2200000 4500 |
| 001 |
vtls011885921 |
| 003 |
SK-MaSNL |
| 005 |
20260303184514.0 |
| 008 |
190909|2019 xo |||| || ||00 0|slo |
| 015 |
|
|
|a SNBRB2019/07
|
| 040 |
|
|
|a DSZK
|b slo
|c DSZK
|e rda
|
| 041 |
|
|
|a slo
|a hun
|
| 043 |
|
|
|a e-xo---
|
| 044 |
|
|
|a xo
|c SK
|
| 072 |
|
7 |
|a 796
|x Šport. Hry. Telesné cvičenia
|2 konspekt
|
| 080 |
|
|
|a 796.332:061
|x (437.6)
|2 2011
|
| 100 |
1 |
|
|a László, Zoltán
|4 aut
|9 863962
|
| 245 |
1 |
0 |
|a Hodnotenie roka futbalových mužstiev
|c Zoltán László
|
| 300 |
|
|
|b Fotografie
|
| 336 |
|
|
|a text
|b txt
|2 rdacontent
|
| 337 |
|
|
|a bez média
|b n
|2 rdamedia
|
| 338 |
|
|
|a zväzok
|b nc
|2 rdacarrier
|
| 546 |
|
|
|a Dvojjazyčné vydanie
|
| 610 |
2 |
7 |
|a MŠK Thermál Veľký Meder
|2 dszk
|9 1214250
|
| 650 |
0 |
7 |
|a futbalové kluby
|2 SNKPH
|9 70395
|
| 651 |
|
7 |
|a Veľký Meder (Slovensko)
|2 SNKPHgeo
|9 19224
|
| 773 |
0 |
|
|t Veľkomederský hlásnik=Nagymegyeri hírmondó
|g Roč. XV, č. 5 (2019), s. 31
|x 1339-2409
|
| 958 |
|
|
|a SK
|
| 958 |
|
|
|a RG
|
| 999 |
|
|
|c 2127021
|d 2128951
|